Пылающий остров: научно-фантастический роман; Обет молчания; Поджигатель планеты; Ураганный туман
| Hoofdauteur: | |
|---|---|
| Andere auteurs: | , |
| Taal: | Russisch |
| Gepubliceerd in: |
Москва, Детская литература, 1978
|
| Editie: | Переработанное издание в трех книгах |
| TOC: | Обет молчания; Поджигатель планеты; Ураганный туман; |
| Reeks: | Библиотечная серия Библиотека приключений и научной фантастики |
| Onderwerpen: | |
| Formaat: | MixedMaterials Boek |
| KOHA link: | https://koha.lib.tpu.ru/cgi-bin/koha/opac-detail.pl?biblionumber=94315 |
MARC
| LEADER | 00000nam0a2200000 4500 | ||
|---|---|---|---|
| 001 | 94315 | ||
| 005 | 20231101213936.0 | ||
| 035 | |a (RuTPU)RU\TPU\book\101019 | ||
| 090 | |a 94315 | ||
| 100 | |a 20060410d1978 a y0rusy50 ca | ||
| 101 | 0 | |a rus | |
| 102 | |a RU | ||
| 105 | |a a z 000ay | ||
| 200 | 1 | |a Пылающий остров |e научно-фантастический роман |f А. П. Казанцев |g авт. предисл. И. Ефремов ; рисунки В. Лукьянца | |
| 205 | |a Переработанное издание в трех книгах | ||
| 210 | |a Москва |c Детская литература |d 1978 | ||
| 215 | |a 542 с. |c ил. |d 20,5 см. | ||
| 225 | 1 | |a Библиотечная серия | |
| 225 | 1 | |a Библиотека приключений и научной фантастики | |
| 316 | |5 63413507: 79-3517 |a С автографом автора. На титульном листе дарственная надпись: "Научной библиотеке Томского Политехнического института обязательный авторский экземпляр выпускника института 1930 г. А. Казанцев 10.6.78" | ||
| 317 | |5 63413507: 79-3517 |a Поступил в НТБ в дар от А. П. Казанцева | ||
| 464 | |t Обет молчания |h Кн. 1 | ||
| 464 | |t Поджигатель планеты |h Кн. 2 | ||
| 464 | |t Ураганный туман |h Кн. 3 | ||
| 606 | 1 | |a Русская литература современная |2 stltpush |3 (RuTPU)RU\TPU\subj\26373 |9 50316 | |
| 610 | 1 | |a художественная литература | |
| 610 | 1 | |a научная фантастика | |
| 610 | 1 | |a романы | |
| 610 | 1 | |a дары автора | |
| 610 | 1 | |a дары библиотеке | |
| 610 | 1 | |a дарственные надписи | |
| 610 | 1 | |a выпускники ТПУ | |
| 610 | 1 | |a Коллекция А. П. Казанцева | |
| 675 | |a Р2 |v 3 | ||
| 700 | 1 | |a Казанцев |b А. П. |c русский советский писатель-фантаст |c член Союза писателей СССР |c выпускник механического факультета ТТИ 1930 г. |f 1906-2002 |g Александр Петрович |2 stltpush |3 (RuTPU)RU\TPU\pers\15808 | |
| 702 | 1 | |a Ефремов |b И. А. |c русский писатель |c палеонтолог |c доктор биологических наук |f 1907-1972 |g Иван Антонович |2 stltpush |3 (RuTPU)RU\TPU\pers\18333 |4 080 |9 6802 | |
| 702 | 1 | |a Лукьянец |b В. |4 440 | |
| 801 | 1 | |a RU |b 63413507 |c 20060410 |g PSBO | |
| 801 | 2 | |a RU |b 63413507 |c 20210723 |g PSBO | |
| 942 | |c BK | ||